Taifun. (Record no. 5983)

MARC details
000 -LEADER
fixed length control field 00641cam a22002171 4500
001 - CONTROL NUMBER
control field af 48004301
003 - CONTROL NUMBER IDENTIFIER
control field DLC
005 - DATE AND TIME OF LATEST TRANSACTION
control field 20260227110907.0
008 - FIXED-LENGTH DATA ELEMENTS--GENERAL INFORMATION
fixed length control field 901116s1947 gw 000 0 ger c
010 ## - LIBRARY OF CONGRESS CONTROL NUMBER
LC control number af 48004301
035 ## - SYSTEM CONTROL NUMBER
System control number (OCoLC)22697287
040 ## - CATALOGING SOURCE
Original cataloging agency Brown Univ. Library
Transcribing agency RPB
Modifying agency RPB
-- DLC
041 1# - LANGUAGE CODE
Language code of text/sound track or separate title ger
Language code of original eng
042 ## - AUTHENTICATION CODE
Authentication code premarc
050 00 - LIBRARY OF CONGRESS CALL NUMBER
Classification number PR6005.O4
Item number T93
100 1# - MAIN ENTRY--PERSONAL NAME
Personal name Conrad, Joseph,
Dates associated with a name 1857-1924.
245 10 - TITLE STATEMENT
Title Taifun.
Statement of responsibility, etc. [Einzig berechtigte Übersetzung aus dem Englischen von Elise Eckert]
260 ## - PUBLICATION, DISTRIBUTION, ETC.
Place of publication, distribution, etc. Stuttgart,
Name of publisher, distributor, etc. Engelhornverlag
Date of publication, distribution, etc. [1947]
300 ## - PHYSICAL DESCRIPTION
Extent 124 p.
Dimensions 20 cm.
700 1# - ADDED ENTRY--PERSONAL NAME
Personal name Eckert, Elise Ordolff,
Dates associated with a name 1853-
Relator term tr.

No items available.

Powered by Koha